Studies on freshwater Oligochaeta in the Upper Silesia region (Southern Poland)

Bibliographic Details
Main Authors: Dumnicka, Elzbieta (Author), Krodkiewska, Mariola (Author)
Format: Article
Language:Slovak
English
PhysicalDescription:Grafy, obr., tab.
ISSN:0006-3088
Subjects:

MARC

LEADER 00000nab a2200000 a 4500
001 vtls001495089
003 SK-MaSNL
005 20260304141333.0
008 250505c2003 xo g 0 slo
015 |a SNBCL2005/2 
035 |a (uuid)827722a8-f4e5-449c-9cb4-12bfbabe4518 
035 |a urn:nbn:sk:snk-abbyb4 
035 |a (urnnbn)urn:nbn:sk:snk:ar-0018e6 
040 |a SNKBUCL  |b slo  |c SNKBUCL  |e AACR2 
041 1 |a eng  |h eng 
044 |a xo  |c SK 
080 |a 593.173:591.15:575.113(438)  |2 1981 
100 1 |a Dumnicka, Elzbieta  |4 aut  |9 1137723 
245 1 0 |a Studies on freshwater Oligochaeta in the Upper Silesia region (Southern Poland)  |c Elzbieta Dumnicka, Mariola Krodkiewska 
300 |b Grafy, obr., tab. 
504 |a Res. angl. 
504 |a Bibliogr. odkazy 
650 0 7 |a špecifickosť druhová  |2 MESH  |9 855823 
650 0 7 |a porovnávacia anatómia  |2 MESH  |9 2597 
650 0 7 |a klasifikácia  |x metódy  |2 MESH  |9 846513 
650 0 7 |a ročné obdobia  |2 MESH  |9 110676 
650 0 7 |a máloštetinavce  |2 MESH  |9 109100 
651 7 |a Poľsko  |2 SNKBUCL  |9 16755 
651 7 |a Poľsko  |2 MESH  |9 16755 
700 1 |a Krodkiewska, Mariola  |4 aut  |9 1459020 
773 0 |t Biologia  |g Vol. 58, no. 5 (2003), s. 897-902  |x 0006-3088 
850 |a Slovenská národná knižnica 
852 |a Slovenská národná knižnica 
954 |a odborná, vedecká literatúra cudzojazyčná (svetová)  |2 lita 
958 |a article15 
958 |a OND 
958 |a EUIPO 
999 |c 2918436  |d 2920366